| Tag |
First Indicator |
Second Indicator |
Subfields |
| LEADER |
00000pam a2200000 a 4500 |
| 001 |
in00000092376 |
| 005 |
20150923132126.0 |
| 008 |
811008s1982 nyua b 00010 eng |
| 010 |
|
|
|a 81016042
|
| 020 |
|
|
|a 0670335037 (pbk.) :
|c $12.95
|
| 035 |
|
|
|a (OCoLC)07924753
|
| 035 |
|
|
|9 AAK7460AM
|
| 039 |
0 |
|
|a 2
|b 3
|c 3
|d 3
|e 3
|
| 040 |
|
|
|a DLC
|c DLC
|d TXA
|d UtOrBLW
|
| 049 |
|
|
|a TXAM
|c [1806136]
|
| 050 |
0 |
0 |
|a ND653 B65
|b B4 1982
|
| 082 |
0 |
|
|a 759.9492
|2 19
|
| 100 |
1 |
|
|a Beagle, Peter S.
|
| 245 |
1 |
4 |
|a The garden of earthly delights /
|c by Peter S. Beagle ; [illustrations taken from the paintings of Hieronymus Bosch].
|
| 264 |
|
1 |
|a New York :
|b Viking Press,
|c 1982.
|
| 300 |
|
|
|a 127 pages :
|b illustrations (some color) ;
|c 29 cm.
|
| 336 |
|
|
|a text
|b txt
|2 rdacontent
|
| 337 |
|
|
|a unmediated
|b n
|2 rdamedia
|
| 338 |
|
|
|a volume
|b nc
|2 rdacarrier
|
| 490 |
0 |
|
|a A Studio book
|
| 504 |
|
|
|a Bibliography: pages 124-125.
|
| 600 |
1 |
0 |
|a Bosch, Hieronymus,
|d -1516.
|
| 999 |
|
|
|a MARS
|
| 999 |
f |
f |
|s 8c944648-bbbe-37c5-b1a9-9504a73d4e18
|i 63b61178-0332-3aaa-9624-fb6f0d52544e
|t 0
|
| 952 |
f |
f |
|p normal
|a Texas A&M University
|b College Station
|c Sterling C. Evans Library
|s Evans stk
|d Evans: Library Stacks
|t 0
|e ND653 B65 B4 1982
|h Library of Congress classification
|i unmediated -- volume
|m A14806005047
|
| 998 |
f |
f |
|a ND653 B65 B4 1982
|t 0
|l Evans: Library Stacks
|